[Event "Match"]
[Site "www.echecsemail.com"]
[Date "2017.10.01"]
[Round "1"]
[White "Ranjachess"]
[Black "Cjood"]
[WhiteElo "1880"]
[BlackElo "1940"]
[Result "1-0"]
[Round "1"]
1.d4 e6
2.a3 b6
3.e4 Bc8b7
4.Nb1c3 d6
5.Bf1c4 Bf8e7
6.Ng1f3 c6
7.e5 d5
8.Bc4b3 Bb7a6
9.h4 c5
10.Bb3a4 Nb8d7
11.Ba4b5 Ba6xb5
12.Nc3xb5 a6
13.Nb5d6 Be7xd6
14.exd6 c4
15.Nf3e5 Nd7xe5
16.dxe5 Qd8d7
17.Qd1g4 g6
18.Bc1e3 Qd7b5
19.Ra1b1 h5
20.Qg4e2 a5
21.O-O f6
22.b3 Qb5c6
23.Be3d4 fxe5
24.Qe2xe5 Rh8h7
25.Qe5xe6 Kf8
26.Qe6xg6 Rh7h6
27.Qg6g7 Ke8
28.Qg7xg8 Kd7
29.Qg8g7 Kxd6
30.Qg7xh6 Kc7
31.Qh6xh5 Ra8e8
32.Rb1e1 Re8xe1
33.Rf1xe1 Qc6d6
34.Qh5f7 { resign }
1-0

[Event "Match"]
[Site "www.echecsemail.com"]
[Date "2017.10.01"]
[Round "1"]
[White "Passaroa25"]
[Black "Claymil"]
[WhiteElo "1650"]
[BlackElo "2080"]
[Result "0-1"]
[Round "1"]
1.e4 c5
2.c3 Nb8c6
3.f3 g6
4.d3 Bf8g7
5.Nb1d2 e6
6.Nd2b3 b6
7.Ng1e2 Ng8e7
8.Bc1f4 d5
9.Ne2g3 O-O
10.e5 Nc6xe5
11.Bf1e2 Ne7c6
12.O-O Bc8b7
13.Qd1c2 Ra8c8
14.Ra1d1 Qd8e7
15.Nb3c1 Rf8d8
16.a3 h6
17.Bf4d2 a6
18.Bd2e1 b5
19.Be1d2 Kh7
{ resign }
0-1

[Event "Match"]
[Site "www.echecsemail.com"]
[Date "2017.10.01"]
[Round "1"]
[White "Cal"]
[Black "Ketchuplover"]
[WhiteElo "1660"]
[BlackElo "1930"]
[Result "0-1"]
[Round "1"]
1.c4 Ng8f6
2.Nb1c3 e5
3.e4 Nb8c6
4.d3 Bf8e7
5.h3 O-O
6.a3 a6
7.Bc1g5 h6
8.Bg5xf6 Be7xf6
9.b4 b6
10.Ng1f3 Bc8b7
11.Bf1e2 Rf8e8
12.O-O Nc6d4
13.Nf3xd4 exd4
14.Nc3a4 d6
15.f4 Bb7c6
16.Na4b2 b5
17.c5 dxc5
18.bxc5 g6
19.e5 Bf6h4
20.Qd1d2 a5
21.f5 Qd8g5
22.Qd2xg5 Bh4xg5
23.Kh1 Re8xe5
24.fxg6 Re5xe2
25.Nb2d1 Re2xg2
26.Nd1f2 Rg2xf2
27.Kg1 Rf2g2
28.Kh1 Rg2a2
29.Kg1 Bg5e3
30.Rf1f2 Ra2xa1
{ resign }
0-1

[Event "Match"]
[Site "www.echecsemail.com"]
[Date "2017.10.01"]
[Round "1"]
[White "Apdash"]
[Black "Guidom"]
[WhiteElo "2000"]
[BlackElo "2160"]
[Result "1-0"]
[Round "1"]
1.d4 d5
2.Ng1f3 c6
3.Nb1c3 Bc8f5
4.e3 e6
5.Bf1e2 Bf8b4
6.O-O Ng8f6
7.Bc1d2 O-O
8.Nf3e5 Nb8d7
9.a3 Bb4a5
10.b4 Ba5c7
11.f4 Nf6e4
12.Nc3xe4 Bf5xe4
13.Be2d3 f5
14.Bd2e1 Nd7f6
15.Be1h4 h6
16.Bd3xe4 dxe4
17.c4 Qd8e8
18.Ra1a2 a5
19.Qd1b3 Nf6d7
20.Ra2d2 Nd7xe5
21.dxe5 Rf8f7
22.Rf1d1 a4
23.Qb3c3 g6
24.Rd2d4 Rf7g7
25.Bh4f6 Rg7f7
26.Qc3d2 Ra8c8
27.Rd4d7 h5
28.Rd7xf7 Qe8xf7
29.Qd2d7 Rc8f8
30.Qd7d4 Bc7b8
31.b5 Qf7c7
32.b6 Qc7c8
33.c5 Rf8f7
34.Qd4xa4 Rf7d7
35.Qa4b3 Kf7
36.Bf6h4 Rd7d5
37.Rd1xd5 exd5
38.Qb3c3 Ke6
39.a4 Qc8e8
40.a5 Qe8c8
41.h3 Qc8g8
42.Qc3d2 Qg8c8
43.Qd2e2 Kf7
44.Qe2f2 Qc8e6
45.Qf2e2 Qe6c8
46.Bh4e1 Kg7
47.Be1c3 Kf7
48.Qe2f2 Qc8d8
49.Qf2a2 Qd8c8
50.Kh2 Ke6
51.Bc3e1 Kf7
52.Be1h4 Ke6
53.Bh4f6 Kf7
54.Kg3 Ke6
55.Kh4 Kf7
56.Qa2e2 Kg8
57.Kg5 Kh7
58.Kh4 Kh6
59.Kg3 Kh7
60.Kf2 Kg8
61.Ke1 Kf7
62.Kd2 Kg8
63.Kc3 Kf7
64.Kd4 Ke6
65.Qe2f2 Qc8f8
66.Qf2h4 Kd7
67.Qh4g5 Qf8e8
68.Qg5h6 Qe8f7
69.Qh6h8 Qf7e8
70.Qh8g7 Kc8
71.a6 bxa6
72.b7 { resign }
1-0

[Event "Match"]
[Site "www.echecsemail.com"]
[Date "2017.10.01"]
[Round "1"]
[White "Rindrandria"]
[Black "Ranjachess"]
[WhiteElo "1740"]
[BlackElo "1860"]
[Result "0-1"]
[Round "1"]
1.e4 e5
2.Ng1f3 Nb8c6
3.Bf1c4 Qd8f6
4.Bc4d5 Bf8c5
5.c3 Ng8e7
6.b4 Bc5b6
7.a4 a5
8.b5 Nc6a7
9.g4 c6
10.g5 Qf6g6
11.Nf3xe5 Qg6xg5
12.Ne5xf7 Bb6xf2
13.Kxf2 Rh8f8
14.Qd1f3 Qg5h4
15.Ke2 Ne7xd5
16.Nf7d6 Ke7
17.Nd6f5 Rf8xf5
18.Qf3xf5 d6
19.Qf5f1 Bc8g4
20.Kd3 Ra8f8
21.Qf1g1 Nd5f4
22.Kc2 Bg4f3
23.Qg1xa7 Bf3xe4
24.Kb2 Be4xh1
25.Qa7xb7 Kf6
26.Nb1a3 Nf4d3
27.Kb1 Bh1e4
28.Na3c2 Nd3e1
29.Ra1a2 Ne1xc2
30.Ra2xc2 Be4xc2
31.Kxc2 Qh4xa4
32.Kb1 cxb5
33.Qb7f3 Ke7
34.Qf3d5 Qa4f4
35.d3 Qf4f5
36.Bc1g5 Kd7
37.Qd5b7 Ke6
38.Qb7e7 Kd5
39.c4 bxc4
40.Kb2 cxd3
41.Bg5d2 Qf5e5
42.Qe7xe5 dxe5
43.Bd2xa5 Rf8f2
44.Kc3 e4
{ resign }
0-1

[Event "Match"]
[Site "www.echecsemail.com"]
[Date "2017.10.01"]
[Round "1"]
[White "Redemption"]
[Black "Micheles"]
[WhiteElo "1499"]
[BlackElo "2520"]
[Result "0-1"]
[Round "1"]
1.d4 Ng8f6
2.Ng1f3 g6
3.g3 Bf8g7
4.Bf1g2 O-O
5.O-O d5
6.h3 c6
7.b3 a5
8.a4 Nf6e4
9.Bc1e3 c5
10.c4 dxc4
11.bxc4 Nb8c6
12.Ra1a3 cxd4
13.Be3xd4 Nc6xd4
14.Nf3xd4 Ne4xf2
15.Rf1xf2 Bg7xd4
{ resign }
0-1

[Event "Match"]
[Site "www.echecsemail.com"]
[Date "2017.10.01"]
[Round "1"]
[White "Micheles"]
[Black "Apdash"]
[WhiteElo "2520"]
[BlackElo "1920"]
[Result "1-0"]
[Round "1"]
1.d4 d5
2.Ng1f3 Bc8g4
3.Nf3e5 Bg4h5
4.c4 dxc4
5.Nb1c3 e6
6.g4 Bh5g6
7.h4 h5
8.Qd1a4 c6
9.Ne5xg6 fxg6
10.Qa4xc4 Qd8d6
11.Bf1h3 Ng8f6
12.gxh5 Rh8xh5
13.Bh3xe6 Qd6c7
14.Bc1g5 Bf8d6
15.Qc4d3 { resign }
1-0

[Event "Match"]
[Site "www.echecsemail.com"]
[Date "2017.10.01"]
[Round "1"]
[White "Billyg"]
[Black "Orae"]
[WhiteElo "1730"]
[BlackElo "1720"]
[Result "0-1"]
[Round "1"]
1.e4 e5
2.Ng1f3 Nb8c6
3.Bf1b5 Nc6d4
4.Nf3xd4 exd4
5.O-O c6
6.Bb5c4 d5
7.Rf1e1 dxc4
8.d3 Bc8e6
9.dxc4 Be6xc4
10.b3 Bc4e6
11.Nb1d2 Qd8c7
12.Nd2f3 O-O-O
13.Nf3xd4 c5
14.Bc1e3 cxd4
15.Be3xd4 Bf8c5
16.c3 Bc5b6
17.Bd4xb6 Qc7xb6
18.Qd1f3 Ng8h6
19.c4 Be6g4
20.Qf3g3 Rh8e8
21.h3 Bg4d7
22.Qg3xg7 Re8g8
23.Qg7e5 Bd7xh3
24.g3 Nh6g4
25.Qe5f5 Rd8d7
26.c5 Qb6a6
27.Re1d1 Rg8d8
28.Rd1e1 Qa6h6
29.b4 Ng4f6
30.Qf5e5 Rd8e8
31.Qe5f4 Qh6g6
32.Qf4h4 Bh3g4
33.Qh4h1 Rd7d4
34.Ra1c1 Nf6xe4
35.f3 Rd4d2
36.fxg4 f5
37.Qh1h5 Qg6xh5
38.gxh5 Rd2xa2
39.c6 Kc7
40.b5 Ne4d6
41.Re1d1 b6
42.Rc1c3 Re8e2
43.Rc3d3 Re2g2
44.Kf1 Ra2f2
45.Ke1 Nd6xb5
46.Rd1c1 Rf2e2
47.Kd1 Re2f2
48.Rd3d7 Kc8
49.Ke1 Rf2e2
50.Kf1 Rg2f2
51.Kg1 f4
52.g4 Rf2g2
53.Kf1 Nb5a3
54.Rc1d1 Re2f2
{ resign }
0-1

[Event "Match"]
[Site "www.echecsemail.com"]
[Date "2017.10.01"]
[Round "1"]
[White "Canario"]
[Black "Theo64"]
[WhiteElo "1830"]
[BlackElo "1729"]
[Result "1-0"]
[Round "1"]
1.e4 Ng8f6
2.e5 Nf6d5
3.d4 c5
4.Bf1c4 cxd4
5.Qd1xd4 e6
6.Bc4xd5 Qd8a5
7.Nb1c3 exd5
8.Qd4xd5 Bf8b4
9.Qd5xa5 Bb4xa5
10.Ng1f3 Nb8c6
11.O-O O-O
12.Nc3d5 Rf8e8
13.Bc1f4 Nc6e7
14.Ra1d1 Ne7xd5
15.Rd1xd5 b6
16.Rf1d1 Re8e7
17.c3 { resign }
1-0

[Event "Eq:SIETE ESTRELLAS VERDES-Slap Shot Mates : "]
[Site "www.chess-mail.com"]
[Date "2017.10.01"]
[Round "1"]
[White "Danquigley"]
[Black "Paco"]
[WhiteElo "2560"]
[BlackElo "1950"]
[Result "1-0"]
[Round "1"]
1.Ng1f3 d5
2.c4 d4
3.g3 Nb8c6
4.Bf1g2 e5
5.O-O Bf8c5
6.b4 Bc5xb4
7.Nf3xe5 Qd8d6
8.Ne5xc6 bxc6
9.a3 Bb4c5
10.d3 Ng8f6
11.Bc1f4 Qd6e7
12.Bg2xc6 Bc8d7
13.Bc6xa8 c6
14.Qd1a4 O-O
15.Ba8xc6 Bd7h3
16.Rf1e1 Nf6g4
17.Qa4b5 g5
18.Bf4c1 Ng4e5
19.Qb5b7 Ne5f3
20.Bc6xf3 Qe7f6
21.Nb1d2 Bc5b6
22.Nd2e4 Qf6d8
23.Bc1xg5 Qd8c7
24.Ne4f6 Kg7
25.Qb7e4 { resign }
1-0

[Event "Eq:SIETE ESTRELLAS VERDES-Super Chess Team : "]
[Site "www.chess-mail.com"]
[Date "2017.10.01"]
[Round "1"]
[White "Caspito"]
[Black "Dussek"]
[WhiteElo "1870"]
[BlackElo "1790"]
[Result "0-1"]
[Round "1"]
1.e4 e6
2.d4 d5
3.e5 c5
4.Ng1f3 cxd4
5.Nf3xd4 Bf8c5
6.Bc1e3 Nb8c6
7.Nd4xe6 Bc8xe6
8.Be3xc5 Nc6xe5
9.Bf1b5 Ne5c6
10.O-O Ng8e7
11.Rf1e1 O-O
12.Bb5d3 b6
13.Bc5d4 Nc6xd4
14.Bd3xh7 Kxh7
15.Qd1xd4 Ne7f5
16.Qd4d3 Kg8
17.Nb1c3 d4
18.Nc3e4 Ra8c8
19.Ne4g5 Qd8xg5
20.Re1e5 Rf8d8
21.Ra1e1 Rc8c5
22.a3 Be6c4
23.Qd3h3 Rc5xe5
24.Re1d1 Bc4e6
25.g3 Nf5e3
{ resign }
0-1

[Event "Tourn. n9559"]
[Site "www.chess-mail.com"]
[Date "2017.10.02"]
[Round "1"]
[White "Bojan"]
[Black "Apdash"]
[WhiteElo "2020"]
[BlackElo "2100"]
[Result "0-1"]
[Round "1"]
1.b4 e5
2.a3 c5
3.c3 a5
4.Bc1b2 d5
5.e3 Ng8f6
6.h3 Bc8d7
7.d3 axb4
8.axb4 Ra8xa1
9.Bb2xa1 cxb4
10.Qd1b3 Qd8a5
11.Ba1b2 Bd7a4
12.Qb3a2 b3
13.Qa2a1 d4
14.e4 Nb8d7
15.Bf1e2 b5
16.Ng1f3 dxc3
17.Bb2xc3 Bf8b4
18.O-O Bb4xc3
19.Nb1xc3 O-O
20.Rf1c1 Qa5b4
21.Nc3d1 Rf8e8
22.Qa1b2 Qb4d6
23.Nd1e3 g6
24.Nf3d2 Nd7c5
25.Rc1c3 Re8b8
26.Qb2b1 Nf6d7
27.Be2d1 Qd6d4
28.Ne3d5 Nd7b6
29.Nd2f3 Nb6xd5
30.Nf3xd4 Nd5xc3
31.Qb1c1 exd4
32.Kf1 b2
33.Qc1xb2 Ba4xd1
34.Qb2b4 Nc5e6
35.Qb4d6 Rb8d8
36.Qd6b6 Bd1e2
37.Ke1 Be2xd3
38.f3 Bd3c4
39.g3 d3
40.g4 d2
{ resign }
0-1

[Event "Tourn. n9547"]
[Site "www.chess-mail.com"]
[Date "2017.10.02"]
[Round "1"]
[White "Luban"]
[Black "Apdash"]
[WhiteElo "2060"]
[BlackElo "2070"]
[Result "1/2-1/2"]
[Round "1"]
1.d4 d5
2.Ng1f3 Ng8f6
3.h3 c5
4.c4 cxd4
5.cxd5 Qd8xd5
6.Qd1xd4 e6
7.e3 Qd5xd4
8.Nf3xd4 Bf8c5
9.Bf1b5 Bc8d7
10.Bb5xd7 Nb8xd7
11.Nd4f3 Nf6e4
12.a3 O-O
13.Nb1d2 Ne4f6
14.b4 Bc5d6
15.Bc1b2 Ra8c8
16.O-O Rc8c2
17.Bb2xf6 Nd7xf6
18.Nd2b3 Nf6e4
19.Nb3d4 Rc2c4
20.Nd4b5 Bd6b8
21.Ra1c1 Rf8c8
22.Rc1xc4 Rc8xc4
23.Rf1d1 Rc4c8
24.g3 a6
25.Nb5d4 Kf8
26.Kf1 Ke7
27.Nf3d2 Ne4d6
28.Ke2 e5
29.Nd4b3 b6
30.Rd1c1 Rc8xc1
31.Nb3xc1 Ke6
32.Nc1b3 f5
33.Kd3 Kd5
34.f4 e4
35.Kc3 Nd6b5
36.Kb2 Bb8d6
37.a4 Nb5c7
38.Kc3 Nc7e6
39.Nd2c4 b5
40.Nc4xd6 Kxd6
41.axb5 axb5
42.Nb3d4 Ne6xd4
43.Kxd4 h5
44.h4 g6
45.Kc3 Kd5
46.Kb3 Kd6
47.Kc2 Kc6
48.Kc3 { draw }
1/2-1/2

[Event "Tourn. n9551"]
[Site "www.chess-mail.com"]
[Date "2017.10.02"]
[Round "1"]
[White "Apdash"]
[Black "Luban"]
[WhiteElo "2100"]
[BlackElo "2060"]
[Result "1-0"]
[Round "1"]
1.e4 c6
2.Ng1f3 d5
3.exd5 cxd5
4.Bf1b5 Bc8d7
5.Bb5xd7 Qd8xd7
6.O-O Nb8c6
7.d4 e6
8.a3 h6
9.Bc1f4 Ng8f6
10.Nb1d2 Bf8e7
11.c4 dxc4
12.Nd2xc4 b5
13.Nc4e5 Nc6xe5
14.Nf3xe5 Qd7b7
15.Rf1e1 Ra8d8
16.Ra1c1 Nf6d5
17.Bf4g3 Be7f6
18.Qd1h5 O-O
19.Rc1c2 Rd8c8
20.Re1c1 Rc8xc2
21.Rc1xc2 Bf6xe5
22.Bg3xe5 Rf8c8
23.Rc2xc8 Qb7xc8
24.h3 Qc8c1
25.Kh2 Qc1xb2
26.Qh5g4 g6
27.Qg4h4 Kh7
28.Qh4d8 g5
29.Qd8h8 Kg6
30.Qh8g8 Kf5
31.Qg8xf7 Ke4
32.Qf7g6 { resign }
1-0

[Event "Tourn. n9548"]
[Site "www.chess-mail.com"]
[Date "2017.10.02"]
[Round "1"]
[White "Malbertan"]
[Black "Luban"]
[WhiteElo "1930"]
[BlackElo "2060"]
[Result "0-1"]
[Round "1"]
1.f3 e6
2.e4 Ng8f6
3.d4 Nf6xe4
4.fxe4 Qd8h4
5.g3 Qh4xe4
6.Kf2 Qe4xh1
7.Ng1f3 Nb8c6
8.Nb1c3 b6
9.d5 Bf8c5
{ resign }
0-1

[Event "Match"]
[Site "www.echecsemail.com"]
[Date "2017.10.02"]
[Round "1"]
[White "Pinehill"]
[Black "Bjonil60"]
[WhiteElo "2090"]
[BlackElo "1490"]
[Result "1-0"]
[Round "1"]
1.e4 Nb8c6
2.Ng1f3 e5
3.Bf1c4 Ng8e7
4.O-O g6
5.d3 d6
6.Bc1g5 h6
7.Bg5f6 Rh8g8
8.Nb1c3 Bf8g7
9.Nc3d5 Ne7xd5
10.Bf6xd8 Kxd8
11.Bc4xd5 Nc6e7
12.Bd5xf7 Rg8f8
13.Bf7b3 b6
14.d4 exd4
15.Nf3xd4 c5
16.Nd4b5 a6
17.Qd1xd6 Ke8
18.Nb5c7 
1-0

[Event "Match"]
[Site "www.echecsemail.com"]
[Date "2017.10.02"]
[Round "1"]
[White "Bjonil60"]
[Black "Theo64"]
[WhiteElo "1460"]
[BlackElo "1729"]
[Result "0-1"]
[Round "1"]
1.d4 Ng8f6
2.e3 c5
3.Ng1f3 Nb8c6
4.Qd1e2 Qd8a5
5.c3 cxd4
6.b4 Nc6xb4
7.Qe2b2 dxc3
8.Nb1xc3 e6
9.h3 Bf8c5
10.Nf3e5 d6
11.Ne5d3 Nb4xd3
12.Bf1xd3 Nf6d5
13.Bc1d2 Bc5b4
14.Nc3xd5 Bb4xd2
15.Ke2 Qa5xd5
16.Bd3e4 Qd5xe4
17.Kxd2 Qe4xg2
18.Ke2 Bc8d7
19.Ke1 Qg2xh1
20.Ke2 Qh1xh3
21.f3 Qh3g2
22.Kd3 Qg2xb2
23.Ra1g1 Qb2xa2
24.Ke4 e5
25.Rg1xg7 Qa2c4

0-1

[Event "Match"]
[Site "www.echecsemail.com"]
[Date "2017.10.02"]
[Round "1"]
[White "Guidom"]
[Black "Tonino1"]
[WhiteElo "2150"]
[BlackElo "2170"]
[Result "1/2-1/2"]
[Round "1"]
1.e4 d6
2.d4 Ng8f6
3.Bf1d3 g6
4.Ng1f3 Bf8g7
5.c3 O-O
6.O-O c6
7.Bc1g5 Qd8c7
8.Qd1d2 Rf8e8
9.Nb1a3 e5
10.dxe5 dxe5
11.Na3c4 Nb8d7
12.Qd2e2 b5
13.Nc4e3 Nd7c5
14.Bg5xf6 Bg7xf6
15.Bd3c2 Bc8a6
16.b4 Nc5e6
17.Bc2b3 Ne6f4
18.Qe2c2 Ra8d8
19.g3 Nf4h3
20.Kg2 Ba6c8
21.Ra1d1 Qc7e7
22.Rd1xd8 Re8xd8
23.Rf1d1 Rd8xd1
24.Qc2xd1 Nh3g5
25.Nf3xg5 Bf6xg5
26.Qd1d3 Kg7
27.Ne3c2 f5
28.f3 fxe4
29.fxe4 Qe7d7
30.Qd3xd7 Bc8xd7
31.c4 a6
32.Kf3 h5
33.Nc2e3 Bg5e7
34.c5 Kf6
35.h4 a5
36.a3 a4
37.Bb3g8 Bd7e6
38.Bg8xe6 Kxe6
39.Ne3c2 g5
40.hxg5 Be7xg5
41.Kg2 Bg5c1
42.Kh3 Kf6
43.Kh4 Kg6
44.g4 Bc1g5
45.Kg3 h4
46.Kh3 Kf6
{ draw }
1/2-1/2

[Event "Match"]
[Site "www.echecsemail.com"]
[Date "2017.10.02"]
[Round "1"]
[White "Hundegana"]
[Black "Sonny1000"]
[WhiteElo "1950"]
[BlackElo "1540"]
[Result "1-0"]
[Round "1"]
1.e4 e5
2.d4 d5
3.dxe5 dxe4
4.Qd1xd8 Kxd8
5.Bc1f4 Bf8b4
6.c3 Bb4c5
7.Nb1d2 Bc5xf2
8.Kxf2 h6
9.Ra1d1 f5
10.Nd2xe4 Ke7
11.Ne4c5 b6
12.Nc5b3 Ke6
13.Bf1c4 Ke7
14.Ng1f3 a5
15.Nb3d4 c5
16.Nd4b5 Nb8c6
17.Rd1d2 Bc8a6
18.Rh1d1 Ra8d8
19.Rd2xd8 Nc6xd8
20.Nf3h4 Ke8
21.Nb5c7 Ke7
22.Nc7xa6 Ke8
23.Nh4xf5 Nd8f7
24.Na6c7 Kf8
25.e6 Ng8e7
26.Nf5xe7 Kxe7
27.exf7 Rh8f8
28.Bf4d6 Kd7
29.Bd6xf8 Kc8
30.Nc7b5 Kb7
31.Rd1d7 Kb8
32.Bf8d6 Kc8
33.Rd7c7 Kb8
34.f8Q { resign }
1-0

[Event "1/4 Finale"]
[Site "www.chess-mail.com"]
[Date "2017.10.02"]
[Round "1"]
[White "Vgrynyuk"]
[Black "Asoka"]
[WhiteElo "2660"]
[BlackElo "2750"]
[Result "1-0"]
[Round "1"]
1.e4 c5
2.Ng1f3 d6
3.d4 cxd4
4.Nf3xd4 Ng8f6
5.Nb1c3 a6
6.Bc1e3 e5
7.Nd4b3 Bc8e6
8.f3 Nb8d7
9.g4 h6
10.Qd1d2 Bf8e7
11.O-O-O b5
12.h4 Nd7b6
13.Qd2f2 Nf6d7
14.Kb1 Qd8c7
15.Nc3d5 Be6xd5
16.exd5 Nb6c4
17.Be3c1 Qc7b6
18.Qf2e2 a5
19.Rd1e1 Qb6d8
20.f4 a4
21.Nb3d2 Be7xh4
22.Re1d1 a3
23.b3 Nc4b2
24.Nd2e4 Nb2xd1
25.Qe2xd1 Bh4e7
26.Bf1xb5 exf4
27.Bc1xf4 O-O
28.g5 f5
29.Ne4xd6 Nd7c5
30.gxh6 Be7xd6
31.hxg7 Qd8f6
32.gxf8Q Bd6xf8
33.c3 Nc5e4
34.Qd1h5 Bf8g7
35.Bb5c4 Kf8
36.d6 Ne4xc3
37.Kc2 Nc3d5
38.Bc4xd5 Qf6c3
39.Kd1 Qc3d4
40.Bf4d2 Qd4a1
41.Ke2 Qa1e5
42.Bd2e3 Qe5xd5
43.Qh5f3 Qd5xf3
44.Kxf3 Ra8b8
45.Be3c5 Kf7
46.Bc5xa3 { resign }
1-0

[Event "Fast Game"]
[Site "www.echecsemail.com"]
[Date "2017.10.02"]
[Round "1"]
[White "Redemption"]
[Black "Hennie4820"]
[WhiteElo "1599"]
[BlackElo "1710"]
[Result "1-0"]
[Round "1"]
1.d4 Ng8f6
2.Ng1f3 g6
3.g3 Bf8g7
4.Bf1g2 O-O
5.O-O d6
6.Kh1 Nb8d7
7.h3 c6
8.Nf3g1 Qd8c7
9.Bc1g5 e5
10.Bg5xf6 Nd7xf6
11.Ng1f3 exd4
12.Nf3xd4 Bc8d7
13.c3 Ra8d8
14.Qd1d2 d5
15.Qd2e3 Rf8e8
16.Qe3d2 Qc7c8
17.Kh2 Nf6e4
18.Bg2xe4 dxe4
19.e3 Bd7xh3
20.Rf1g1  { time }
1-0

[Event "Fast Game"]
[Site "www.echecsemail.com"]
[Date "2017.10.02"]
[Round "1"]
[White "Karadayi"]
[Black "Cjood"]
[WhiteElo "1599"]
[BlackElo "1650"]
[Result "0-1"]
[Round "1"]
1.Ng1f3 d5
2.d4 g6
3.g3 Bf8g7
4.Bf1g2 b6
5.O-O Bc8b7
6.Nb1c3 Ng8f6
7.e3 e6
8.a3 Nb8d7
9.Bc1d2 O-O
10.Ra1b1 c6
11.Nc3a2 Nf6e4
12.Bd2b4 { time. }
0-1

[Event "Fast Game"]
[Site "www.echecsemail.com"]
[Date "2017.10.02"]
[Round "1"]
[White "Gvladutz"]
[Black "Apdash"]
[WhiteElo "1599"]
[BlackElo "1599"]
[Result "1-0"]
[Round "1"]
1.e4 e5
2.Ng1f3 d6
3.d4 exd4
4.Nf3xd4 Ng8f6
5.Nb1c3 Bc8d7
6.Bf1c4 Bf8e7
7.O-O a6
8.Rf1e1 Nb8c6
9.Nd4xc6 Bd7xc6
10.Bc1f4 O-O
11.Ra1b1 b5
12.Bc4b3 Rf8e8
13.Qd1d3 b4
14.Qd3c4 bxc3
15.Qc4xc6 cxb2
16.Rb1xb2 Qd8d7
17.Bb3a4 Re8d8
18.Qc6xa8 Qd7xa4
19.Qa8b7 Nf6h5
20.Qb7xc7 Be7f6
21.Bf4xd6 Rd8e8
22.Rb2b8 h6
23.g4 { resign }
1-0

[Event "Tourn. n9532"]
[Site "www.chess-mail.com"]
[Date "2017.10.03"]
[Round "1"]
[White "Abuelo"]
[Black "Luban"]
[WhiteElo "2220"]
[BlackElo "2090"]
[Result "0-1"]
[Round "1"]
1.e4 c5
2.Nb1c3 d6
3.Bf1c4 e6
4.Qd1f3 a6
5.a4 Nb8c6
6.d3 Nc6e5
7.Qf3g3 Ne5xc4
8.dxc4 g6
9.Ng1f3 Bf8g7
10.Bc1d2 { time. }
0-1

[Event "Tourn. n9526"]
[Site "www.chess-mail.com"]
[Date "2017.10.03"]
[Round "1"]
[White "Bojan"]
[Black "Mitja"]
[WhiteElo "2000"]
[BlackElo "2070"]
[Result "1-0"]
[Round "1"]
1.e4 d5
2.exd5 Qd8xd5
3.Nb1c3 Qd5d8
4.Bf1c4 e6
5.Ng1f3 c6
6.d3 h6
7.O-O Ng8f6
8.h3 Nb8d7
9.a3 Nd7b6
10.Bc4b3 Nf6d5
11.Bc1d2 Nd5xc3
12.Bd2xc3 Nb6d5
13.Bc3d2 Bf8e7
14.Nf3h2 Be7f6
15.c3 O-O
16.Qd1f3 Rf8e8
17.Nh2g4 Qd8e7
18.Ra1e1 Bc8d7
19.Qf3g3 Kf8
20.Ng4xh6 Qe7d8
21.Nh6g4 Bf6g5
22.Bd2xg5 Qd8xg5
23.f4 Qg5g6
24.Qg3f3 Ra8d8
25.Re1e2 Nd5f6
26.Ng4e5 Qg6h5
27.g4 Qh5h7
28.Bb3c2 Bd7c8
29.d4 Qh7h4
30.Qf3g2 Nf6d7
31.Ne5c4 Nd7b6
32.Nc4xb6 axb6
33.Re2e5 g6
34.Kh2 Rd8d5
35.Re5e4 b5
36.Rf1f2 b6
37.Bc2b3 Rd5d7
38.Rf2e2 Bc8b7
39.Re4e5 Rd7e7
40.Qg2g3 Qh4h7
41.h4 Kg7
42.Kg1 Re8h8
43.Re2h2 Kf8
44.Bb3c2 Qh7g7
45.h5 gxh5
46.Re5xh5 Rh8xh5
47.Rh2xh5 f5
48.Rh5g5 Qg7h6
49.gxf5 exf5
50.Rg5g6 Qh6h8
51.Kf2 c5
52.dxc5 bxc5
53.Bc2xf5 b4
54.axb4 cxb4
55.Rg6d6 bxc3
56.bxc3 Kf7
57.Qg3g6 Kf8
58.Rd6d8 { resign }
1-0

[Event "Tourn. n9462"]
[Site "www.chess-mail.com"]
[Date "2017.10.03"]
[Round "1"]
[White "Hundegana"]
[Black "Luban"]
[WhiteElo "2000"]
[BlackElo "2150"]
[Result "0-1"]
[Round "1"]
1.e4 c5
2.f4 d5
3.e5 e6
4.g3 Nb8c6
5.Ng1f3 Ng8e7
6.c3 Ne7f5
7.Bf1b5 d4
8.cxd4 Nf5xd4
9.Nf3xd4 Qd8xd4
10.Qd1f3 Bc8d7
11.Qf3e3 Qd4xe3
12.dxe3 Nc6xe5
13.Bb5xd7 Ne5xd7
14.O-O Bf8e7
15.Nb1c3 a6
16.Nc3e2 O-O
17.Bc1d2 b5
18.Bd2a5 Nd7f6
19.Ra1d1 Be7d8
20.Ba5xd8 Rf8xd8
21.Rd1xd8 Ra8xd8
22.Rf1c1 c4
23.Rc1c2 Nf6e4
24.Kf1 h6
25.Ne2d4 Kf8
26.Ke2 Ke7
27.Kf3 Ne4c5
28.b4 cxb3
29.axb3 Nc5d3
30.Rc2c7 Kf6
31.Ke4 Nd3b4
32.g4 g6
33.g5 hxg5
34.fxg5 Kxg5
35.Rc7xf7 Rd8d6
36.Nd4f3 Kh6
37.Nf3e5 Nb4c6
38.Ne5g4 Kg5
39.h3 e5
40.Rf7f8 Kh4
41.Rf8h8 Kg5
42.Rh8a8 Nc6b4
43.Kxe5 Rd6d3
44.Ke4 Rd3xb3
45.Kd4 Nb4c2
46.Ke4 Rb3a3
47.Ra8c8 Ra3a4
48.Kd5 b4
49.Rc8xc2 b3
50.Rc2b2 Ra4b4
51.e4 a5
52.e5 a4
53.Kc5 a3
54.Rb2b1 a2
55.Rb1e1 Rb4xg4
56.hxg4 b2
57.e6 b1Q
58.Re1xb1 axb1Q
59.e7 Qb1e4
60.Kd6 Kf6
61.g5 Kxg5
62.Kd7 Qe4xe7
63.Kxe7 Kf5
64.Kd6 g5
65.Kd5 Kf4
66.Kd4 g4
67.Kd3 Kf3
68.Kd2 g3
69.Ke1 g2
{ resign }
0-1

[Event "Tourn. n9519"]
[Site "www.chess-mail.com"]
[Date "2017.10.03"]
[Round "1"]
[White "Fantomas"]
[Black "Tartan"]
[WhiteElo "2220"]
[BlackElo "2440"]
[Result "0-1"]
[Round "1"]
1.e4 e6
2.d4 d5
3.exd5 exd5
4.Ng1f3 Bf8d6
5.Bf1d3 Ng8e7
6.O-O Nb8c6
7.c3 Bc8g4
8.Bc1e3 Qd8d7
9.Nb1d2 f6
10.Qd1c2 O-O-O
11.b4 Ne7f5
12.Bd3xf5 Bg4xf5
13.Qc2b2 g5
14.Nd2b3 Qd7f7
15.a4 Qf7h5
{ resign }
0-1

[Event "Tourn. n9532"]
[Site "www.chess-mail.com"]
[Date "2017.10.03"]
[Round "1"]
[White "Abuelo"]
[Black "Claymil"]
[WhiteElo "2200"]
[BlackElo "2120"]
[Result "0-1"]
[Round "1"]
1.e4 c5
2.Nb1c3 Nb8c6
3.Bf1c4 e6
4.Ng1f3 a6
5.a4 b6
6.d3 h6
7.O-O g6
8.Bc1e3 Bf8g7
9.Qd1d2 Ng8e7
10.h3 { time. }
0-1

[Event "Tourn. n9540"]
[Site "www.chess-mail.com"]
[Date "2017.10.03"]
[Round "1"]
[White "Mitja"]
[Black "Bojan"]
[WhiteElo "2000"]
[BlackElo "2000"]
[Result "0-1"]
[Round "1"]
1.d4 g6
2.e3 Bf8g7
3.c3 d5
4.h3 a6
5.Ng1f3 Nb8c6
6.Nb1d2 f6
7.Nd2b3 b6
8.Bf1e2 Ng8h6
9.Nb3d2 Nh6f7
10.b3 e5
11.dxe5 Nc6xe5
12.Nf3xe5 fxe5
13.Bc1b2 O-O
14.O-O c6
15.Nd2f3 Nf7g5
16.Nf3xg5 Qd8xg5
17.Kh1 e4
18.Ra1b1 b5
19.c4 Bc8e6
20.cxd5 Be6xd5
21.Bb2xg7 Kxg7
22.Qd1d4 Kg8
23.Qd4c5 Qg5f6
24.Kg1 h5
25.a4 Qf6e6
26.axb5 axb5
27.b4 Kh7
28.Rf1d1 Ra8a2
29.Rd1e1 Qe6f6
30.f4 exf3
31.gxf3 Bd5xf3
32.Be2xf3 Qf6xf3
{ resign }
0-1

[Event "Match"]
[Site "www.echecsemail.com"]
[Date "2017.10.03"]
[Round "1"]
[White "Heaven"]
[Black "Bronstein70"]
[WhiteElo "1589"]
[BlackElo "2380"]
[Result "0-1"]
[Round "1"]
1.e4 e5
2.d3 Ng8f6
3.Ng1e2 Bf8c5
4.Bc1e3 Bc5xe3
5.fxe3 O-O
6.h3 d5
7.Ne2g3 Bc8e6
8.Nb1d2 Nb8c6
9.c3 d4
10.Qd1e2 dxc3
11.bxc3 g6
12.Kf2 h5
13.Nd2f3 Nf6h7
14.d4 exd4
15.exd4 h4
16.d5 hxg3
 { time }
0-1

[Event "Match"]
[Site "www.echecsemail.com"]
[Date "2017.10.03"]
[Round "1"]
[White "Apdash"]
[Black "Chapi"]
[WhiteElo "2070"]
[BlackElo "2170"]
[Result "1-0"]
[Round "1"]
1.e4 c5
2.Ng1f3 Nb8c6
3.d4 cxd4
4.Nf3xd4 g6
5.c3 Bf8g7
6.Bc1e3 Ng8f6
7.Bf1d3 O-O
8.Nb1d2 d5
9.h3 e5
10.Nd4xc6 bxc6
11.Qd1c2 d4
12.cxd4 exd4
13.Be3g5 Qd8d7
14.Nd2b3 Qd7d6
15.O-O Nf6d7
16.f4 h6
17.Bg5h4 Bc8b7
18.e5 Nd7xe5
19.fxe5 Bg7xe5
20.Nb3a5 Ra8b8
21.Na5c4 Be5h2
22.Kh1 Qd6c7
23.Bh4f6 c5
24.Bd3xg6 Bb7xg2
25.Qc2xg2 Qc7g3
26.Qg2xg3 Bh2xg3
27.Bg6f5 { resign }
1-0

[Event "Match"]
[Site "www.echecsemail.com"]
[Date "2017.10.03"]
[Round "1"]
[White "Ssharp"]
[Black "Bojan"]
[WhiteElo "2180"]
[BlackElo "2020"]
[Result "0-1"]
[Round "1"]
1.e4 e5
2.f4 exf4
3.Ng1f3 Nb8c6
4.Bf1c4 f6
5.Bc4xg8 Rh8xg8
6.d4 g5
7.O-O Rg8g6
8.d5 Bf8c5
9.Kh1 Nc6d4
10.Nf3xd4 Qd8e7
11.Nb1c3 a6
12.b3 Qe7e5
13.Nd4e2 Rg6h6
14.Rf1f3 d6
15.Bc1b2 Bc8g4
16.Qd1d3 Kf7
17.Nc3a4 Qe5e7
18.Na4xc5 dxc5
19.Rf3f1 Ra8e8
20.Ne2c3 Qe7d6
21.Kg1 b5
22.Ra1e1 Qd6b6
23.Qd3d2 Qb6d6
24.h3 Bg4xh3
25.gxh3 Rh6xh3
26.e5 fxe5
27.Nc3e4 Qd6h6
28.Qd2g2 Kg6
29.Rf1f3 Rh3h4
30.Re1d1 Kf5
31.Ne4f2 g4
32.Rf3g3 f3
33.Qg2f1 Qh6f4
34.Nf2e4 Qf4xe4
35.Rg3g2 Qe4f4
36.Rg2f2 Rh4h3
37.Bb2c1 Qf4g3
{ resign }
0-1

[Event "Match"]
[Site "www.echecsemail.com"]
[Date "2017.10.03"]
[Round "1"]
[White "Redemption"]
[Black "Pellix84"]
[WhiteElo "1499"]
[BlackElo "2090"]
[Result "0-1"]
[Round "1"]
1.g3 d5
2.Bf1g2 Ng8f6
3.Ng1f3 e6
4.O-O Nb8d7
5.e3 b6
6.b3 Bf8e7
7.h3 O-O
8.d4 c5
9.c3 cxd4
10.exd4 Bc8a6
11.Rf1e1 Ra8c8
12.Nb1d2 Rc8xc3
{ resign }
0-1

[Event "Match"]
[Site "www.echecsemail.com"]
[Date "2017.10.03"]
[Round "1"]
[White "Apdash"]
[Black "Whitekknight"]
[WhiteElo "1949"]
[BlackElo "1950"]
[Result "1-0"]
[Round "1"]
1.e4 e5
2.Ng1f3 Nb8c6
3.Bf1b5 Ng8f6
4.Bb5xc6 bxc6
5.O-O d6
6.h3 Bc8a6
7.d3 Bf8e7
8.Rf1e1 O-O
9.Bc1e3 d5
10.exd5 cxd5
11.Nf3xe5 Qd8d6
12.Be3f4 Qd6b6
13.Qd1c1 Be7d6
14.Nb1d2 Ra8d8
15.Nd2f3 Rf8e8
16.b3 Bd6c5
17.Qc1d2 Bc5d6
18.Ra1b1 Nf6d7
19.c4 Qb6d4
20.Nf3xd4 Nd7xe5
21.Bf4xe5 Bd6xe5
22.Nd4c6 { resign }
1-0